00000000nam##2200000za#4500
0019.590497
003CaOODSP
00520210624200144
007cr |||||||||||
008150406|1990||||xxc|||||o    f|0| 0 eng|d
040 |aCaOODSP|beng
041 |aeng
041 |afre
043 |an-cn---
0861 |aS52-2/198-PDF
1101 |aCanada. |bPublic Works and Government Services Canada. |bTranslation Bureau.
24510|aVocabulary of signs and symptoms of the musculoskeletal system. Volume I: Clinical findings / |h[electronic resource]|cUnder the Direction of André Lussier and Sylvie Dionne.
260 |aOttawa - Ontario : |bPublic Works and Government Services Canada. |cc1990.
300 |a556p.
4901 |aTerminology bulletin|vNo. 198
500 |aDigitized edition from print. [Produced by Publishing and Depository Services, 2014.] Issued by the Translation Bureau, Terminological and Linguistic Services Branch.—Introd. Joint Project of the Medical Research Council of Canada.
504 |aBibliography.
590 |a14-22-Supp|b2014-12-24
7201 |aLussier, André
7201 |aDionne, Sylvie
792 |tVocabulaire de sémiologie de l'appareil locomoteur. Volume I: signes cliniques / |efre|w(CaOODSP)9.590498
830#0|aTerminology bulletin ;|vNo. 198|w(CaOODSP)9.500139
85640|ahttp://publications.gc.ca|qPDF|s5,269 KB|uhttps://publications.gc.ca/collections/collection_2014/tpsgc-pwgsc/S52-2-198.pdf|yNo. 198